[Event "TCh-CHN 2019"]
[Site "China CHN"]
[Date "2019.07.25"]
[Round "9.4"]
[Board "1"]
[White "Zou, Chen"]
[Black "Nie, Xinyang"]
[Result "1-0"]
[WhiteTitle "FM"]
[WhiteElo "2459"]
[BlackElo "2348"]
[WhiteTeam "Hangzhou Hongda team"]
[BlackTeam "Chongqing Jiulongpo Yucai Chess team"]
[WhiteFideId "8610959"]
[BlackFideId "8607222"]
[EventDate "2019.04.09"]

1. e4 d5 2. exd5 Qxd5 3. Nc3 Qa5 4. d4 c6 5. Nf3 Bf5 6. Bc4 e6 7. Bd2 Qc7 8. Nh4
Bg6 9. Qe2 Be7 10. Nxg6 hxg6 11. g3 Nf6 12. O-O-O Nbd7 13. h4 Nb6 14. Bb3 O-O-O
15. Bf4 Bd6 16. Bg5 Rde8 17. Qf3 Nh7 18. Ne4 Nxg5 19. hxg5 Rxh1 20. Rxh1 Bf8 21.
Rh4 Qd7 22. Rf4 Re7 23. c4 Kb8 24. c5 Nc8 25. Nd2 f6 26. gxf6 gxf6 27. Rxf6 Bg7
28. Qf4+ e5 29. dxe5 g5 30. Qxg5 Qd4 31. Qf4 Qxc5+ 32. Kb1 Ka8 33. Rf8 Rc7 34.
Re8 Kb8 35. Be6 Qb5 36. Bxc8 Rxc8 37. Rxc8+ Kxc8 38. Qg4+ Kd8 39. Qxg7 1-0

[Event "TCh-CHN 2019"]
[Site "China CHN"]
[Date "2019.07.25"]
[Round "9.4"]
[Board "2"]
[White "Lin, Yi"]
[Black "Naiditsch, Arkadij"]
[Result "1/2-1/2"]
[WhiteTitle "IM"]
[BlackTitle "GM"]
[WhiteElo "2415"]
[BlackElo "2617"]
[WhiteTeam "Hangzhou Hongda team"]
[BlackTeam "Chongqing Jiulongpo Yucai Chess team"]
[WhiteFideId "8609659"]
[BlackFideId "4650891"]
[EventDate "2019.04.09"]

1. d4 Nf6 2. c4 g6 3. Nc3 Bg7 4. e4 d6 5. h3 O-O 6. Nf3 e5 7. dxe5 dxe5 8. Qxd8
Rxd8 9. Bg5 Re8 10. Nd5 Nxd5 11. cxd5 c6 12. Bc4 cxd5 13. Bxd5 Na6 14. O-O-O Nc7
15. Bb3 Be6 16. Bxe6 Nxe6 17. Be3 f5 18. Kb1 f4 19. Bd2 Nc5 20. Rhe1 Rad8 21.
Kc2 Bf6 22. Re2 Kf7 23. Bb4 Rxd1 24. Kxd1 Rd8+ 25. Kc2 Na6 26. Bc3 Ke6 27. Rd2
Rc8 28. Ne1 b5 29. a3 Nc5 30. f3 Bh4 31. Nd3 Na4 32. Kb3 Nxc3 33. Rc2 Be7 34.
Rxc3 Rxc3+ 35. bxc3 1/2-1/2

[Event "TCh-CHN 2019"]
[Site "China CHN"]
[Date "2019.07.25"]
[Round "9.4"]
[Board "3"]
[White "Xiang, Zeyu"]
[Black "Peng, Xiongjian"]
[Result "1-0"]
[WhiteTitle "IM"]
[WhiteElo "2446"]
[BlackElo "2489"]
[WhiteTeam "Hangzhou Hongda team"]
[BlackTeam "Chongqing Jiulongpo Yucai Chess team"]
[WhiteFideId "8608547"]
[BlackFideId "8610550"]
[EventDate "2019.04.09"]

1. d4 d5 2. c4 dxc4 3. e3 Nf6 4. Bxc4 e6 5. Nf3 a6 6. O-O b5 7. Be2 Bb7 8. a4 b4
9. Nbd2 Nbd7 10. b3 Be7 11. Bb2 O-O 12. Rc1 c5 13. dxc5 Nxc5 14. Bxf6 gxf6 15.
Nd4 Rc8 16. Bf3 Bd5 17. Qe2 f5 18. Bxd5 Qxd5 19. Rc4 Qb7 20. Rfc1 Rfd8 21. Qf3
Ne4 22. Nxe4 Rxc4 23. Rxc4 Qxe4 24. Qxe4 fxe4 25. Kf1 Bf8 26. Ke1 e5 27. Ne2 f5
28. g4 fxg4 29. Rxe4 h5 30. Rxe5 Rd3 31. Nc1 Rc3 32. Kd2 Rc5 33. Rxc5 Bxc5 34.
Nd3 Bd6 35. f4 gxf3 36. Nf4 Kh7 37. Ke1 Kh6 38. Kf2 Kg5 39. Kxf3 a5 40. h3 Kh4
41. e4 Kg5 42. Nd3 Bc7 43. Nb2 Kh4 44. Nc4 Kxh3 45. e5 h4 46. e6 Bd8 47. Nxa5
Kh2 48. Nc6 h3 49. e7 Bxe7 50. Nxe7 Kg1 51. Nf5 h2 52. Ng3 1-0

[Event "TCh-CHN 2019"]
[Site "China CHN"]
[Date "2019.07.25"]
[Round "9.4"]
[Board "4"]
[White "Javakhishvili, Lela"]
[Black "Zhou, Zirun"]
[Result "1-0"]
[WhiteTitle "IM"]
[WhiteElo "2463"]
[BlackElo "2124"]
[WhiteTeam "Chongqing Jiulongpo Yucai Chess team"]
[BlackTeam "Hangzhou Hongda team"]
[WhiteFideId "13601458"]
[BlackFideId "8610975"]
[EventDate "2019.04.09"]

1. c4 e6 2. Nc3 d5 3. d4 Nf6 4. cxd5 exd5 5. Bg5 Be7 6. e3 c6 7. Qc2 Nbd7 8. Bd3
O-O 9. Nf3 Re8 10. O-O g6 11. Bf4 Nh5 12. Nxd5 Nxf4 13. Nxf4 Nf6 14. Bc4 Nd5 15.
Qb3 Be6 16. Nxe6 fxe6 17. Qxb7 Rb8 18. Qxc6 Rb6 19. Qa4 Rxb2 20. Bxd5 exd5 21.
Rab1 1-0

[Event "TCh-CHN 2019"]
[Site "China CHN"]
[Date "2019.07.25"]
[Round "9.4"]
[Board "5"]
[White "Huang, Qian"]
[Black "Zhao, Shengxin"]
[Result "1-0"]
[WhiteTitle "WGM"]
[BlackTitle "WFM"]
[WhiteElo "2429"]
[BlackElo "2093"]
[WhiteTeam "Chongqing Jiulongpo Yucai Chess team"]
[BlackTeam "Hangzhou Hongda team"]
[WhiteFideId "8602689"]
[BlackFideId "8608040"]
[EventDate "2019.04.09"]

1. c4 e6 2. Nf3 d5 3. g3 Nf6 4. Bg2 Be7 5. O-O O-O 6. b3 d4 7. e3 c5 8. exd4
cxd4 9. d3 Nc6 10. Re1 Ne8 11. Ne5 Nxe5 12. Rxe5 f6 13. Re1 e5 14. Ba3 Bxa3 15.
Nxa3 Rb8 16. b4 b6 17. Qd2 g5 18. Nb5 a6 19. Na7 Bb7 20. Nc6 Bxc6 21. Bxc6 Kh8
22. a3 Nc7 23. Bg2 Ne6 24. Qe2 Qd6 25. Qe4 Rfe8 26. h4 Re7 27. hxg5 Nxg5 28. Qf5
Qe6 29. Qxe6 Rxe6 30. Rac1 f5 31. Bd5 Ree8 32. Kg2 e4 33. Rcd1 b5 34. Rh1 exd3
35. Rxd3 Red8 36. Rh5 bxc4 37. Bxc4 Ne4 38. Rxf5 Rb6 39. Rf4 Rc6 40. Bxa6 Nxf2
41. Rdxd4 Rxd4 42. Rxd4 Rxa6 43. Kxf2 Rxa3 44. g4 Kg7 45. Ke2 Kf6 46. Re4 Kg5
47. Kd2 Kh4 48. Kc2 Kg3 49. Re7 h6 50. Re6 Kxg4 51. Rxh6 Kf5 52. Kb2 Rd3 53. Kc2
Ra3 54. b5 Ke5 55. b6 Ra8 56. Kc3 Kd5 57. Kb4 Ra1 58. Kb5 Rb1+ 59. Ka6 Ra1+ 60.
Kb7 Rg1 61. Ka7 Kc5 62. b7 1-0

[Event "TCh-CHN 2019"]
[Site "China CHN"]
[Date "2019.07.25"]
[Round "9.5"]
[Board "1"]
[White "Matlakov, Maxim"]
[Black "Zeng, Chongsheng"]
[Result "1-0"]
[WhiteTitle "GM"]
[BlackTitle "GM"]
[WhiteElo "2699"]
[BlackElo "2552"]
[WhiteTeam "China Mobil Shanghai Chess Club"]
[BlackTeam "Chongqing Sports lottery chess team"]
[WhiteFideId "4168003"]
[BlackFideId "8603847"]
[EventDate "2019.04.09"]

1. c4 Nf6 2. Nc3 e6 3. e4 c5 4. Nf3 Nc6 5. d4 cxd4 6. Nxd4 Bb4 7. Nxc6 dxc6 8.
Qxd8+ Kxd8 9. e5 Nd7 10. Bf4 Bxc3+ 11. bxc3 b6 12. h4 Ba6 13. h5 h6 14. Rh4 Ke7
15. Rg4 Rag8 16. O-O-O g5 17. hxg6 fxg6 18. Bg3 c5 19. f4 g5 20. Be2 Bb7 21. Bf2
h5 22. Rxg5 Rxg5 23. Bh4 Rg8 24. Bxg5+ Rxg5 25. fxg5 Nxe5 26. g3 Be4 27. Bxh5
Nxc4 28. g6 Kf6 29. Rf1+ Kg7 30. Rf7+ Kh6 31. g7 Bh7 32. g4 a5 33. a4 e5 34. Re7
Bg8 35. Bf7 Bxf7 36. Rxf7 Kh7 37. Re7 Kg8 38. g5 Kh7 39. Kc2 Kg8 40. Kd3 Nb2+
41. Ke4 Nxa4 42. Kf5 Kh7 43. g6+ 1-0

[Event "TCh-CHN 2019"]
[Site "China CHN"]
[Date "2019.07.25"]
[Round "9.5"]
[Board "3"]
[White "Xu, Yi"]
[Black "Zhou, Weiqi"]
[Result "1/2-1/2"]
[WhiteTitle "GM"]
[BlackTitle "GM"]
[WhiteElo "2542"]
[BlackElo "2592"]
[WhiteTeam "China Mobil Shanghai Chess Club"]
[BlackTeam "Chongqing Sports lottery chess team"]
[WhiteFideId "8605564"]
[BlackFideId "8601674"]
[EventDate "2019.04.09"]

1. e4 c5 2. Nf3 Nc6 3. Bb5 e5 4. O-O Bd6 5. c3 a6 6. Bc4 b5 7. Bb3 Bb7 8. d4
exd4 9. cxd4 c4 10. Bc2 Nb4 11. Nc3 Nxc2 12. Qxc2 Ne7 13. e5 Bc7 14. Ne4 d6 15.
Bg5 O-O 16. Rfe1 Re8 17. Rad1 Qd7 18. b3 Bxe4 19. Rxe4 d5 20. Ree1 Ng6 21. h4
Nf8 22. g3 Rac8 23. Kg2 Ba5 24. Bd2 Bxd2 25. Nxd2 f6 26. Nf3 Ng6 27. Re3 Qg4 28.
Kg1 Nf4 29. Nh2 Qg6 30. Qxg6 Nxg6 31. h5 Nf8 32. h6 fxe5 33. hxg7 Kxg7 34. dxe5
c3 35. Nf3 Ne6 36. Red3 d4 37. Nxd4 Nxd4 38. Rxd4 Rxe5 39. Kf1 h6 40. b4 Re6 41.
Rc1 c2 42. Rd2 Rec6 43. Rd7+ Kg6 44. Ke2 Rf6 45. Rd2 Rfc6 46. Rd5 h5 47. Kd2 Kh6
48. Rc5 1/2-1/2

[Event "TCh-CHN 2019"]
[Site "China CHN"]
[Date "2019.07.25"]
[Round "9.5"]
[Board "4"]
[White "Tan, Zhongyi"]
[Black "Ju, Wenjun"]
[Result "0-1"]
[WhiteTitle "GM"]
[BlackTitle "GM"]
[WhiteElo "2502"]
[BlackElo "2580"]
[WhiteTeam "Chongqing Sports lottery chess team"]
[BlackTeam "China Mobil Shanghai Chess Club"]
[WhiteFideId "8603642"]
[BlackFideId "8603006"]
[EventDate "2019.04.09"]

1. c4 e5 2. Nc3 Bb4 3. Nd5 a5 4. Nf3 d6 5. a3 Bc5 6. e3 c6 7. Nc3 Nd7 8. d4 Ba7
9. dxe5 dxe5 10. Ne4 Bb8 11. Nd6+ Bxd6 12. Qxd6 Qe7 13. Qxe7+ Nxe7 14. e4 c5 15.
b3 Nc6 16. Bd2 Nf6 17. Bd3 Bg4 18. Bc3 Bxf3 19. gxf3 Nh5 20. O-O-O O-O-O 21.
Rhe1 Nf4 22. Bf1 Rxd1+ 23. Rxd1 Re8 24. Bd2 Nd4 25. b4 axb4 26. axb4 Nxf3 27.
bxc5 Nxd2 28. Rxd2 Kc7 29. Kb2 Rd8 30. Rxd8 Kxd8 31. c6 b6 32. c5 bxc5 33. Bc4
f6 34. Kc3 Kc7 35. Bd5 Nh3 36. Kc4 Nxf2 37. Kxc5 Ng4 38. h4 g5 39. hxg5 fxg5 40.
Kc4 Nf6 41. Kd3 h5 42. Ke3 h4 43. Kf3 g4+ 44. Kf2 Nxd5 45. exd5 h3 0-1

[Event "TCh-CHN 2019"]
[Site "China CHN"]
[Date "2019.07.25"]
[Round "9.6"]
[Board "1"]
[White "Dai, Changren"]
[Black "Ma, Qun"]
[Result "1/2-1/2"]
[WhiteTitle "IM"]
[BlackTitle "GM"]
[WhiteElo "2511"]
[BlackElo "2627"]
[WhiteTeam "Zhihui Sports chess team of Tianjin"]
[BlackTeam "Hangzhou Bank Team"]
[WhiteFideId "8608156"]
[BlackFideId "8603154"]
[EventDate "2019.04.09"]

1. e4 e5 2. Nf3 Nc6 3. Bb5 Nf6 4. O-O Nxe4 5. Re1 Nd6 6. Nxe5 Be7 7. Bf1 Nf5 8.
Nf3 d5 9. d4 O-O 10. c3 Bd6 11. Bd3 f6 12. Nbd2 Nce7 13. c4 c6 14. c5 Bc7 15. b4
a6 16. Nf1 g6 17. a4 Ng7 18. Ng3 Nef5 19. Ra2 Nxg3 20. hxg3 Be6 21. Rae2 Qd7 22.
Bh6 Rae8 23. Qd2 Bg4 24. Rxe8 Rxe8 25. Rxe8+ Qxe8 26. Bf4 Bxf4 27. Qxf4 Bxf3 28.
gxf3 Kf7 29. Qc7+ Qe7 30. Qc8 Ne6 31. Bxa6 bxa6 32. Qxc6 Nxd4 33. Qxd5+ Ne6 34.
c6 f5 35. b5 axb5 36. axb5 Qc7 37. Kg2 Ke7 38. Qb3 Qb6 39. Qa3+ Qc5 40. Qa6 f4
41. g4 h5 42. gxh5 Qg5+ 43. Kf1 Qxh5 44. Qb7+ Kf6 45. c7 Nxc7 46. Qxc7 Qxb5+ 47.
Kg2 Qg5+ 48. Kf1 Qb5+ 49. Kg2 Qg5+ 50. Kf1 1/2-1/2

[Event "TCh-CHN 2019"]
[Site "China CHN"]
[Date "2019.07.25"]
[Round "9.6"]
[Board "2"]
[White "Malakhov, Vladimir"]
[Black "Bai, Jinshi"]
[Result "1/2-1/2"]
[WhiteTitle "GM"]
[BlackTitle "GM"]
[WhiteElo "2668"]
[BlackElo "2600"]
[WhiteTeam "Zhihui Sports chess team of Tianjin"]
[BlackTeam "Hangzhou Bank Team"]
[WhiteFideId "4120787"]
[BlackFideId "8602280"]
[EventDate "2019.04.09"]

1. Nf3 Nf6 2. c4 g6 3. b3 Bg7 4. Bb2 c5 5. g3 b6 6. Bg2 Bb7 7. O-O O-O 8. d4 d5
9. dxc5 dxc4 10. Qxd8 Rxd8 11. cxb6 axb6 12. bxc4 Nbd7 13. Nbd2 Ra4 14. Rfc1
Rda8 15. a3 Nc5 16. Ra2 Ne8 17. Bxg7 Kxg7 18. Rc3 Nd6 19. Nd4 Bxg2 20. Kxg2 e5
21. Nb5 Nxb5 22. cxb5 R8a5 23. Rb2 Rxa3 24. Rxa3 Rxa3 25. Nc4 Na4 26. Rd2 Rb3
27. Rd7 Rxb5 28. Nd6 Rb2 29. Rxf7+ Kg8 30. e3 Nc3 31. Rd7 b5 32. g4 b4 33. h4 h5
34. g5 b3 35. Ne8 Rc2 36. Nf6+ 1/2-1/2

[Event "TCh-CHN 2019"]
[Site "China CHN"]
[Date "2019.07.25"]
[Round "9.6"]
[Board "3"]
[White "Wang, Yue"]
[Black "Jakovenko, Dmitry"]
[Result "0-1"]
[WhiteTitle "GM"]
[BlackTitle "GM"]
[WhiteElo "2674"]
[BlackElo "2698"]
[WhiteTeam "Zhihui Sports chess team of Tianjin"]
[BlackTeam "Hangzhou Bank Team"]
[WhiteFideId "8601429"]
[BlackFideId "4122356"]
[EventDate "2019.04.09"]

1. Nf3 Nf6 2. g3 d5 3. Bg2 c6 4. O-O Bg4 5. d4 e6 6. Nbd2 Nbd7 7. Re1 Be7 8. e4
dxe4 9. Nxe4 Nxe4 10. Rxe4 Bxf3 11. Bxf3 O-O 12. h4 Qc7 13. c3 Rad8 14. Qb3 Nf6
15. Re1 Rd7 16. Bf4 Bd6 17. Bg5 h6 18. Bxf6 gxf6 19. c4 f5 20. d5 Bc5 21. Kg2 e5
22. Rad1 e4 23. Bh5 cxd5 24. cxd5 Qd6 25. a3 Kh7 26. Qc3 Rg8 27. b4 Bb6 28. Qd2
Re7 29. Kh3 e3 30. Qd3 Re4 31. Bf3 Qg6 32. h5 Qg5 33. Bxe4 Qg4+ 34. Kh2 fxe4 35.
Qe2 Qg5 36. Rc1 f5 37. Rc5 f4 38. Kg1 Bxc5 39. bxc5 Qxd5 40. Rd1 f3 41. Qc2 Qe5
42. Rd7+ Kh8 0-1

[Event "TCh-CHN 2019"]
[Site "China CHN"]
[Date "2019.07.25"]
[Round "9.6"]
[Board "4"]
[White "Gu, Tianlu"]
[Black "Khotenashvili, Bela"]
[Result "1-0"]
[WhiteTitle "WIM"]
[BlackTitle "GM"]
[WhiteElo "2261"]
[BlackElo "2446"]
[WhiteTeam "Hangzhou Bank Team"]
[BlackTeam "Zhihui Sports chess team of Tianjin"]
[WhiteFideId "8603995"]
[BlackFideId "13602640"]
[EventDate "2019.04.09"]

1. e4 c6 2. Nc3 d5 3. Nf3 g6 4. d4 Bg7 5. h3 Nh6 6. Bd3 O-O 7. O-O f6 8. Ne2 Nf7
9. exd5 cxd5 10. c4 Nc6 11. cxd5 Qxd5 12. Nc3 Qd8 13. Bc2 f5 14. d5 Nce5 15. Bb3
Kh8 16. Nd4 Nd6 17. Nce2 Qb6 18. Be3 Nec4 19. Bg5 Re8 20. Bxc4 Nxc4 21. Qa4 Nd6
22. Be3 Qd8 23. Nf4 Bd7 24. Qb3 Qa5 25. Nde6 Ba4 26. Qd3 Bb5 27. Qd1 Bf6 28. Re1
Rac8 29. Bd4 Kg8 30. a4 Bd7 31. Bxf6 exf6 32. Qd4 Kf7 33. b4 Qb6 34. Nc5 Ne4 35.
Nfd3 Rcd8 36. f3 Nd6 37. a5 Qb5 38. Nxd7 Qxd7 39. Nc5 Nb5 40. Qc4 Rxe1+ 41. Rxe1
Qxd5 42. Qxb5 Qd4+ 43. Kh1 Rb8 44. Qe2 Qxb4 45. Qe7+ Kg8 46. Rd1 Qa3 47. Kh2 Qb4
48. Rd7 Qf4+ 49. g3 1-0

[Event "TCh-CHN 2019"]
[Site "China CHN"]
[Date "2019.07.25"]
[Round "9.6"]
[Board "5"]
[White "Girya, Olga"]
[Black "Xiao, Yiyi"]
[Result "1/2-1/2"]
[WhiteTitle "WGM"]
[BlackTitle "WFM"]
[WhiteElo "2488"]
[BlackElo "2306"]
[WhiteTeam "Hangzhou Bank Team"]
[BlackTeam "Zhihui Sports chess team of Tianjin"]
[WhiteFideId "4195752"]
[BlackFideId "8606161"]
[EventDate "2019.04.09"]

1. d4 d5 2. c4 dxc4 3. e3 Nf6 4. Bxc4 e6 5. Nf3 a6 6. O-O b5 7. Bd3 Bb7 8. Qe2
c5 9. dxc5 Bxf3 10. Qxf3 Nbd7 11. Rd1 Bxc5 12. a4 b4 13. Qe2 Qc8 14. Nd2 Ne5 15.
Ne4 Be7 16. Nxf6+ Bxf6 17. Be4 Rb8 18. Rd4 O-O 19. Bd2 a5 20. Rc1 Qe8 21. b3 Rc8
22. Rxc8 Qxc8 23. Be1 Rd8 24. Rxd8+ Qxd8 25. Qc2 g6 26. h3 Qd6 27. Kf1 Nd7 28.
Bd3 Kg7 29. Bc4 Qe5 30. Bb5 Nb6 31. Ke2 Qa1 32. Bc6 Nd5 33. Bxd5 exd5 34. f3 Qe5
35. Bf2 h5 36. f4 Qe6 37. Kf3 h4 38. Qd3 Kf8 39. Qc2 Ke8 40. Qd3 Kf8 41. Qc2 Kg7
42. Qd3 Kg8 43. Qc2 Kg7 1/2-1/2

[Event "TCh-CHN 2019"]
[Site "China CHN"]
[Date "2019.07.26"]
[Round "10.1"]
[Board "1"]
[White "Zhao, Jun"]
[Black "Ma, Qun"]
[Result "1/2-1/2"]
[WhiteTitle "GM"]
[BlackTitle "GM"]
[WhiteElo "2639"]
[BlackElo "2627"]
[WhiteTeam "Shandong Jingzhi team"]
[BlackTeam "Hangzhou Bank Team"]
[WhiteFideId "8602522"]
[BlackFideId "8603154"]
[EventDate "2019.04.09"]

1. e4 c5 2. Nf3 Nc6 3. d4 cxd4 4. Nxd4 g6 5. c4 Nf6 6. Nc3 Nxd4 7. Qxd4 d6 8.
Be2 Bg7 9. Be3 O-O 10. Qd2 Be6 11. f3 Qa5 12. Nd5 Qxd2+ 13. Kxd2 Nxd5 14. cxd5
Bd7 15. Rac1 Rfc8 16. Rxc8+ Rxc8 17. Rc1 Rxc1 18. Kxc1 a6 19. Kc2 Kf8 20. b3 e6
21. a4 Ke7 22. Kd2 exd5 23. exd5 h5 24. g3 Be5 25. Bg5+ Ke8 26. Bd3 Bd4 27. Be3
Be5 28. Bg5 Bd4 29. Be3 Be5 30. Bg5 Bd4 1/2-1/2

[Event "TCh-CHN 2019"]
[Site "China CHN"]
[Date "2019.07.26"]
[Round "10.1"]
[Board "2"]
[White "Wen, Yang"]
[Black "Bai, Jinshi"]
[Result "1/2-1/2"]
[WhiteTitle "GM"]
[BlackTitle "GM"]
[WhiteElo "2586"]
[BlackElo "2600"]
[WhiteTeam "Shandong Jingzhi team"]
[BlackTeam "Hangzhou Bank Team"]
[WhiteFideId "8602956"]
[BlackFideId "8602280"]
[EventDate "2019.04.09"]

1. e4 c5 2. Nf3 e6 3. d4 cxd4 4. Nxd4 Nc6 5. Nc3 Qc7 6. g3 a6 7. Bg2 Nf6 8. O-O
Bc5 9. Nf3 d6 10. Ne1 b5 11. Nd3 Bb6 12. Bf4 Bb7 13. Bxd6 Qxd6 14. e5 Nxe5 15.
Bxb7 Ra7 16. Ne4 Nxe4 17. Bxe4 Nxd3 18. Qxd3 Qxd3 19. Bxd3 Ke7 20. Rfd1 Rc8 21.
Kg2 h6 22. h4 b4 23. a3 a5 24. axb4 axb4 25. Rxa7+ Bxa7 26. Ra1 Bd4 27. Ra4 Bxb2
28. Rxb4 Be5 29. Rb7+ Rc7 30. Rxc7+ Bxc7 1/2-1/2

[Event "TCh-CHN 2019"]
[Site "China CHN"]
[Date "2019.07.26"]
[Round "10.1"]
[Board "4"]
[White "Gu, Tianlu"]
[Black "Stefanova, Antoaneta"]
[Result "1/2-1/2"]
[WhiteTitle "WIM"]
[BlackTitle "GM"]
[WhiteElo "2261"]
[BlackElo "2476"]
[WhiteTeam "Hangzhou Bank Team"]
[BlackTeam "Shandong Jingzhi team"]
[WhiteFideId "8603995"]
[BlackFideId "2902257"]
[EventDate "2019.04.09"]

1. e4 c6 2. Nc3 d5 3. Nf3 Bg4 4. h3 Bxf3 5. Qxf3 e6 6. d4 Nf6 7. Bg5 Qa5 8. Bxf6
dxe4 9. Qxe4 gxf6 10. Bc4 Nd7 11. O-O-O O-O-O 12. g4 h5 13. Kb1 Bb4 14. Ne2 hxg4
15. hxg4 Qg5 16. a3 Bd6 17. Nc3 Rh4 18. Rxh4 Qxh4 19. Qe2 Nb6 20. Bd3 Bc7 21.
Be4 Qg5 22. Bf3 f5 23. gxf5 Qxf5 24. Qe4 Qf6 25. Na2 Nc4 26. Be2 Nd6 27. Qf3
Qxf3 28. Bxf3 Nf5 29. c3 Nh4 30. Be2 Rg8 31. Rh1 Ng6 32. Nc1 Nf4 33. Bf1 Kd7 34.
Nd3 Nxd3 35. Bxd3 Rg2 36. Rf1 Bd8 37. Be4 Rh2 38. a4 a5 39. f3 Kd6 40. Re1 Rf2
41. Kc1 Bh4 42. Rh1 Bg5+ 43. Kb1 f5 44. Bc2 Rxf3 45. Rg1 Bf6 46. Re1 e5 47.
dxe5+ Bxe5 48. Kc1 Rf2 49. Bd3 f4 50. Re2 Rf1+ 51. Kd2 Ra1 52. Bc2 b5 53. axb5
cxb5 54. Kd3 Ke6 55. Ke4 b4 56. cxb4 axb4 57. Bd3 Kf6 58. b3 Rd1 59. Ra2 Bc3 60.
Rf2 Bd2 61. Re2 Be3 62. Rg2 Rh1 63. Rg4 Rh5 64. Rg8 Re5+ 65. Kf3 Bd2 66. Be4 Rh5
67. Rd8 Rh3+ 68. Kg2 Rg3+ 69. Kf2 Be1+ 70. Kxe1 Re3+ 71. Kf2 Rxe4 72. Kf3 Re3+
73. Kxf4 Rxb3 74. Ke4 Rb1 75. Rb8 b3 76. Kd3 b2 77. Kc2 1/2-1/2

[Event "TCh-CHN 2019"]
[Site "China CHN"]
[Date "2019.07.26"]
[Round "10.1"]
[Board "5"]
[White "Girya, Olga"]
[Black "Ning, Kaiyu"]
[Result "1-0"]
[WhiteTitle "WGM"]
[BlackTitle "WIM"]
[WhiteElo "2488"]
[BlackElo "2353"]
[WhiteTeam "Hangzhou Bank Team"]
[BlackTeam "Shandong Jingzhi team"]
[WhiteFideId "4195752"]
[BlackFideId "8614750"]
[EventDate "2019.04.09"]

1. d4 d5 2. c4 e6 3. Nc3 Nf6 4. cxd5 Nxd5 5. e4 Nxc3 6. bxc3 c5 7. Rb1 Be7 8.
Bc4 O-O 9. Ne2 Nc6 10. O-O b6 11. Be3 cxd4 12. cxd4 Bb7 13. Nf4 Rc8 14. Nxe6
fxe6 15. Bxe6+ Kh8 16. Bxc8 Bxc8 17. f4 Na5 18. Qd3 Qd7 19. d5 Nb7 20. Rbd1 Qa4
21. Qb1 Bc5 22. Rde1 Re8 23. e5 Bxe3+ 24. Rxe3 Nc5 25. Qd1 Qxd1 26. Rxd1 Bf5 27.
e6 Kg8 28. Kf2 Rd8 29. e7 Re8 30. d6 Kf7 31. h3 Rc8 32. g4 Bd7 33. Kg3 g6 34. f5
gxf5 35. gxf5 Be8 36. Rd4 Nd7 37. Rd2 Rc4 38. Rdd3 Nf6 39. Kf3 Rc2 40. a3 Bc6+
41. Kg3 Ke8 42. Kh4 Rc4+ 43. Kg5 Ng8 44. d7+ Bxd7 45. Rxd7 Rc8 46. Rd8+ 1-0

[Event "TCh-CHN 2019"]
[Site "China CHN"]
[Date "2019.07.26"]
[Round "10.2"]
[Board "1"]
[White "Liu, Yan"]
[Black "Malakhov, Vladimir"]
[Result "1/2-1/2"]
[WhiteTitle "GM"]
[BlackTitle "GM"]
[WhiteElo "2513"]
[BlackElo "2668"]
[WhiteTeam "Chongqing Sports lottery chess team"]
[BlackTeam "Zhihui Sports chess team of Tianjin"]
[WhiteFideId "8608962"]
[BlackFideId "4120787"]
[EventDate "2019.04.09"]

1. d4 d5 2. c4 c6 3. Nf3 Nf6 4. Nc3 dxc4 5. a4 Bf5 6. e3 e6 7. Bxc4 Bb4 8. O-O
Nbd7 9. Qe2 Bg4 10. h3 Bxf3 11. Qxf3 O-O 12. Rd1 Rc8 13. Ne4 Nxe4 14. Qxe4 Qe7
15. b3 Nf6 16. Qf3 e5 17. dxe5 Qxe5 18. Rb1 Qe4 19. Bb2 Qxf3 20. gxf3 Rfd8 21.
Bxf6 gxf6 22. Kg2 Kf8 23. f4 Ke7 24. Bd3 h6 25. Bf5 Rxd1 26. Rxd1 Rd8 27. Rxd8
Kxd8 28. Kf3 Be1 29. Ke2 Bb4 30. Kd3 Be1 31. Ke2 Bb4 1/2-1/2

[Event "TCh-CHN 2019"]
[Site "China CHN"]
[Date "2019.07.26"]
[Round "10.2"]
[Board "2"]
[White "Andreikin, Dmitry"]
[Black "Dai, Changren"]
[Result "1-0"]
[WhiteTitle "GM"]
[BlackTitle "IM"]
[WhiteElo "2724"]
[BlackElo "2511"]
[WhiteTeam "Chongqing Sports lottery chess team"]
[BlackTeam "Zhihui Sports chess team of Tianjin"]
[WhiteFideId "4158814"]
[BlackFideId "8608156"]
[EventDate "2019.04.09"]

1. c4 e6 2. g3 Nf6 3. Bg2 d5 4. d4 Bb4+ 5. Nd2 O-O 6. Nf3 dxc4 7. Qc2 a5 8. Qxc4
Qd5 9. O-O Qxc4 10. Nxc4 b5 11. Nce5 Bb7 12. Bf4 Bd6 13. Rfc1 Na6 14. Nc6 Nb4
15. Nfe5 Nfd5 16. Bd2 Ra6 17. Nxb4 axb4 18. Nd3 b3 19. e4 Nb6 20. axb3 Rxa1 21.
Rxa1 Ra8 22. Rxa8+ Bxa8 23. Ba5 Be7 24. Bxb6 cxb6 25. e5 Bxg2 26. Kxg2 f5 27.
Kf3 Kf7 28. g4 g6 29. gxf5 gxf5 30. Ke3 Bg5+ 31. f4 Be7 32. Nc1 Ke8 33. Ne2 Kd7
34. d5 exd5 35. Nd4 Bc5 36. b4 Bxb4 37. Nxf5 Bc5+ 38. Nd4 b4 39. b3 Ke7 40. f5
Kf7 41. Kd3 Ke7 42. Ne2 1-0

[Event "TCh-CHN 2019"]
[Site "China CHN"]
[Date "2019.07.26"]
[Round "10.2"]
[Board "3"]
[White "Zhou, Weiqi"]
[Black "Wang, Yue"]
[Result "1/2-1/2"]
[WhiteTitle "GM"]
[BlackTitle "GM"]
[WhiteElo "2592"]
[BlackElo "2674"]
[WhiteTeam "Chongqing Sports lottery chess team"]
[BlackTeam "Zhihui Sports chess team of Tianjin"]
[WhiteFideId "8601674"]
[BlackFideId "8601429"]
[EventDate "2019.04.09"]

1. e4 e5 2. Nf3 Nf6 3. Nxe5 d6 4. Nf3 Nxe4 5. d4 d5 6. Bd3 Nc6 7. O-O Be7 8. c4
Nb4 9. Be2 O-O 10. Nc3 Bf5 11. a3 Nxc3 12. bxc3 Nc6 13. Re1 Re8 14. Bf4 dxc4 15.
Bxc4 Bd6 16. Rxe8+ Qxe8 17. Bxd6 cxd6 18. Ng5 Bg6 19. h4 Qe7 20. Qg4 h6 21. h5
Bxh5 22. Qxh5 hxg5 23. Rd1 Rf8 24. Rd3 Qe1+ 25. Kh2 Qxf2 26. Rh3 Qf4+ 27. Kh1
Qc1+ 28. Kh2 Qf4+ 29. Kh1 Qc1+ 30. Kh2 Qf4+ 31. Kh1 1/2-1/2